| 000 | 00522nam a2200181 i 4500 | ||
|---|---|---|---|
| 001 | 42681 | ||
| 003 | ES-MaACL | ||
| 005 | 20250822055319.0 | ||
| 007 | t| | ||
| 008 | 030313s1959 sp ||||1| spa d | ||
| 100 | 1 |
_aCastro, Américo, _d1885-1972 _9226525 |
|
| 245 | 1 | 3 |
_aLa enseñanza del español en España / _cpor Américo Castro. |
| 250 | _a2ª ed. | ||
| 260 |
_aMadrid : _bVictoriano Suárez, _c1959 ( _fCanales) |
||
| 300 |
_a115 p. ; _c17 cm. |
||
| 852 |
_aES-MaACL _jC-18108 _bR.45083 |
||
| 999 |
_c42681 _d42681 |
||